Jogadores campeões pelo Botafogo - Brasileirão 2024 - Statistics

Estatísticas Gerais
  • Esse quiz foi jogado 169 vezes
  • A pontuação média é 20 de 38
Estatísticas das Respostas
Nº de jogos Jogador % Correto
34 John
93%
35 Luiz Henrique
93%
22 Igor Jesus
90%
11 Alex Telles
85%
32 Marlon Freitas
85%
28 Savarino
85%
33 Gregore
83%
28 Tiquinho Soares
83%
32 Bastos
82%
17 Thiago Almada
81%
26 Alexander Barboza
77%
24 Júnior Santos
74%
11 Vitinho
74%
16 Marçal
66%
17 Mateo Ponte
65%
7 Adryelson
64%
25 Cuiabano
64%
4 Gatito Fernandez
63%
28 Tchê Tchê
59%
14 Matheus Martins
54%
17 Eduardo
52%
25 Danilo Barbosa
50%
9 Hugo
41%
17 Lucas Halter
39%
11 Allan
38%
1 Matheus Nascimento
35%
7 Jeffinho
34%
4 Patrick de Paula
31%
17 Damián Suárez
30%
19 Óscar Romero
30%
1 Rafael
30%
1 Pablo
23%
8 Kauê
21%
7 Carlos Alberto
20%
4 Yarlen
16%
1 Jacob Montes
15%
10 Diego Hernandez
14%
1 Fabiano
8%
Nenhum quiz correspondente encontrado
Distribuição das Pontuações
Porcentagem de Pessoas com Cada Pontuação
Percentil de Números Respondidos
Sua Pontuação Histórica
Você não jogou esse quiz